Textbook of english phonetics : for Indian students (Record no. 206832)

MARC details
000 -LEADER
fixed length control field 00380nam a2200145Ia 4500
008 - FIXED-LENGTH DATA ELEMENTS--GENERAL INFORMATION
fixed length control field 231221s9999 xx 000 0 und d
041 ## - LANGUAGE CODE
Language code of text/sound track or separate title English
082 ## - DEWEY DECIMAL CLASSIFICATION NUMBER
Classification number 421 BAL;1 R
100 ## - MAIN ENTRY--PERSONAL NAME
Personal name Balasubramanian, T
245 #0 - TITLE STATEMENT
Title Textbook of english phonetics : for Indian students
260 ## - PUBLICATION, DISTRIBUTION, ETC.
Date of publication, distribution, etc. 1981
Name of publisher, distributor, etc. McMillan
Place of publication, distribution, etc. New Delhi
300 ## - PHYSICAL DESCRIPTION
Extent vii+207
650 ## - SUBJECT ADDED ENTRY--TOPICAL TERM
Topical term or geographic name entry element phonetics,:
942 ## - ADDED ENTRY ELEMENTS (KOHA)
Koha item type Education Library
Holdings
Date last seen Total checkouts Full call number Accession number Cost, total (INR) price Price effective from Category Lost status Damaged status Department Withdrawn status Home library Current library Shelving location Entry date Vendor Cost, normal purchase price Grants Billnumber Billdate Currency symbol Conversion rate Discount Old discount
26/01/2024   421 BAL;1 R ED1848 84.15 26/01/2024 Education Library     Central Library   Central Library Central Library Central Library   Sapna Book House 99.00 EDU 31724 30/04/2010 RS 1 14.85 15
26/01/2024   421 BAL;2 R1 ED1849 84.15 26/01/2024 Education Library     Central Library   Central Library Central Library Central Library   Sapna Book House 99.00 EDU 31724 30/04/2010 RS 1 14.85 15

© For any Suggestions or Query, please contact the library staff @ librarian@pes.edu or Phone: +9180 2672 1983/ 2108.